Blackwater

Saved in:
Bibliographic Details
Main Author: EkmanlhKerstin
Format: Book
Published: LondonlbVintagelc1996
Tags: Add Tag
No Tags, Be the first to tag this record!
Call Number :PZ 7. EKM 1996

MARC

LEADER 00000pam a2200000 4500
001 8601
003 MY-KLNDU
005 20241218052733.0
020 0 0 |a 0099521210 
035 |a 0000010616 
039 9 |y 200910081459  |z VLOAD 
090 0 0 |a PZ 7.  |b EKM 1996 
100 1 0 |a EkmanlhKerstin 
245 1 0 |a Blackwater  |c Kerstin Ekman 
260 0 0 |a LondonlbVintagelc1996 
300 |a 444p  |c 20cm 
999 |a vtls000008605  |c 8601  |d 8601